Zamestnaným rodičom štát v tomto roku pridal
Rodinná politika štátu. Prídavky na deti a ich výška. Od r. 2004 posilnil štát predovšetkým motiváciu rodičov zamestnať sa. Nanovo skombinované sociálne dávky a prídavky. Výška príspevku na dieťa. Nezamestnaní budú strácať. Zmeny v príspevkoch matkám na materskej dovolenke. Zmena v zákone o sociálno...
Enregistré dans:
| Auteur principal: | |
|---|---|
| Autres auteurs: | |
| Format: | Chapitre de livre |
| Langue: | slovaque |
| Sujets: | |
| Tags: |
Pas de tags, Soyez le premier à ajouter un tag!
|
MARC
| LEADER | 00000naa$a2200000$$$4500 | ||
|---|---|---|---|
| 001 | 0004187 | ||
| 005 | 20231009074642.3 | ||
| 041 | 0 | |a slo | |
| 044 | |a SK | ||
| 245 | 1 | 0 | |a Zamestnaným rodičom štát v tomto roku pridal |c aut. Zuzana Horníková, Ján Záborský |
| 520 | |a Rodinná politika štátu. Prídavky na deti a ich výška. Od r. 2004 posilnil štát predovšetkým motiváciu rodičov zamestnať sa. Nanovo skombinované sociálne dávky a prídavky. Výška príspevku na dieťa. Nezamestnaní budú strácať. Zmeny v príspevkoch matkám na materskej dovolenke. Zmena v zákone o sociálnom poistení - zníženie odvodu na starobné poistenie jednému z rodičov za každé dieťa. Základné dávky podpory rodiny v SR. | ||
| 610 | 2 | 0 | |a politika rodinná |
| 610 | 2 | 0 | |a pomoc sociálna |
| 610 | 2 | 0 | |a prídavky na deti |
| 610 | 2 | 0 | |a dovolenka materská |
| 610 | 2 | 0 | |a nezamestnaní |
| 610 | 2 | 0 | |a 2004 |
| 100 | 1 | |a Horníková, Zuzana | |
| 700 | 1 | |a Záborský, Ján | |